50 biggest cities in North America by flags - Statistics

General Stats
  • This quiz has been taken 36 times
  • The average score is 29 of 47
Answer Stats
Picture Answer % Correct
Dallas-Fort Worth
96%
San Francisco
96%
Boston
93%
Detroit-Windsor
93%
New York City
93%
Toronto
93%
Houston
89%
Los Angeles
89%
San Diego-Tijuana
89%
Atlanta
86%
Miami
86%
Monterrey
86%
Philadelphia
86%
Chicago
82%
Washington-Baltimore
82%
Austin
79%
Sacramento
79%
Tampa
79%
Cleveland
75%
Mexico City
75%
Charlotte
71%
Denver
68%
Las Vegas
68%
Guadalajara
64%
Montreal
61%
San Antonio
57%
Columbus
54%
Orlando
54%
Puebla
54%
San Salvador
54%
Guatemala City
43%
Minneapolis-St.Paul
43%
Port-au-Prince
43%
Portland
43%
Pittsburgh
39%
St. Louis
39%
Vancouver
39%
Havana
36%
Santo Domingo
36%
Cincinnati
32%
Toluca
32%
Indianapolis
29%
Salt Lake City
29%
San Jose
29%
San Juan
25%
El Paso-Juarez
18%
León
11%
No matching quizzes found
Score Distribution
Percent of People with Each Score
Percentile by Number Answered
Your Score History
You have not taken this quiz